000 02631cam a2200265 4500500
005 20260208005032.0
041 _afre
042 _adc
100 1 0 _aLarré, Lionel
_eauthor
245 0 0 _a« The world is a dead thing for them ». Perspectives amérindiennes sur les peurs environnementales
260 _c2011.
500 _a56
520 _aLes attitudes des Amérindiens vis-à-vis de l’environnement ne peuvent pas être simplifiées et représentées par la figure de l’Indien Ecologique. À une époque où les peurs environnementales se font de plus en plus présentes et où l’humanité semble ne pas vraiment savoir comment se confronter aux dangers qu’elle pose à son environnement, cet article propose un aperçu des raisons avancées par des auteurs amérindiens pour expliquer la destruction de l’environnement. Pour certains auteurs, c’est la peur de l’environnement naturel qui pousse les hommes à s’éloigner de celui-ci et à le détruire. Pour mettre un terme à ces destructions, et pour se sauver eux-mêmes, les êtres humains doivent redevenir conscients de ce qui les lie à la terre, ce qui implique notamment de ne pas considérer la Nature comme un sanctuaire dans lequel l’humanité n’aurait pas sa place.
520 _aNative American attitudes regarding the environment should not be represented simplistically by the figure of the Ecological Indian. At a time when environmental fears are more and more widespread and when societies are at a loss when confronting the dangers of human impact on nature, the issue can be addressed by paying attention to the way Native American authors make sense of environmental destruction. Some authors argue that it is human fears of the environment which cause humanity to forget its very connection to and reliance upon it. In order to end the destruction of nature—and ultimately to save mankind—human beings need to recover their symbiotic relationship to the earth. This implies regarding the wilderness—which some call a European invention—as something other than a sanctuary in which humanity would have no place.
690 _al'environnement
690 _al'Indien écologique
690 _ale sauvage
690 _alittérature amérindienne
690 _aenvironment
690 _aNative American literature
690 _athe Ecological Indian
690 _athe wilderness
786 0 _nRevue française d’études américaines | 125 | 3 | 2011-04-01 | p. 54-70 | 0397-7870
856 4 1 _uhttps://shs.cairn.info/revue-francaise-d-etudes-americaines-2010-3-page-54?lang=fr&redirect-ssocas=7080
999 _c1650272
_d1650272